00586nam a22001937a 450000500170000001000150001702000260003203500140005803700130007208200110008510000180009624501160011426000400023027000400027030000320031050500120034270000180035470000200037220171118130715.0 aENG-121469 a9789325980860c199.00 aEN-105001 bDBAD/PUB a338.04 aSharma, Richa aEntrepreneurship development :cby Richa Sharma, Sapna Mathur [and] Nitin Tripathib(as per syllabus of uptu) / aNoidabVikas Publishing housec2017 aE-28, Sector 8,bNoida (UP)e201301 axii,182p :c24cm(pbk)bill. aEOE-071 aMathur, Sapna aTripathi, Nitin